000 00203 a2200097 4500
001 3801
100 _aTrantex, C.J
245 _aFacts of life for teenagers
260 _a
_bArco
_c
090 _c3035
_d3035
942 _aNUST-CAE
_cM
_c22614
999 _c238874
_d238874